000 01146 a2200217 4500
001 22799
005 20260407155518.0
008 260407a1980 arg spa d
003 AR-UNSa-BCEJYS
040 _aAR-UNSa-BCEJYS
_bspa
_cAR-UNSa-BCEJYS
080 _a336.226.1
_xImpuestos a las ganancias o los beneficios (Impuesto Diferido)
245 1 0 _aImpuesto a las ganancias
_pAnálisis de doctrina y jurisprudencia
250 _a2a. ed.
264 1 _aBuenos Aires :
_bDepalma
_c1980
300 _axxvii, 729 p.
_c23 cm.
505 _a1. Disposiciones generales - 2. Categoría de ganancias - 3. Ganancias de la 3º categoria. Beneficios de las empresas y ciertos auxiliares de comercio - 4. Ganancias de la 4º categoria.renta del trabajo personal - 5. Ganancias de la 5º categoria.ganacias no incluidas en las restantes categorías - 6. De las deducciones - 7. Tasas del impuesto para las personas de existencia visible y sucesiones indivisas - 8. Beneficios del exterior - 9. Otras disposiciones.
942 _cBK
590 _aniveau_biblio:m niveau_hierar:0
100 1 _aGiuliani Fonrouge, Carlos M.
700 1 _aNavarrine, Susana Camila
999 _c1057
_d1057